| 000 | 00717nam a2200241 a 4500 | ||
|---|---|---|---|
| 001 | BRCA_7106 | ||
| 005 | 20190320205721.0 | ||
| 008 | 281211r1945----mx-a######---#000-0#spa-# | ||
| 041 | _aspa | ||
| 044 | _amx | ||
| 050 | 4 |
_a4DA 10 _b.A43 1945 |
|
| 100 | 1 |
_aAldington, Richard _d1892-1962 _917666 |
|
| 245 | 1 | 0 |
_aEl Duque de Wellington _cversión española de Ramón Iglesia |
| 260 |
_aMéxico _bFCE _c[1945] |
||
| 300 |
_a534 p. _bil. _c23 cm. |
||
| 440 | 0 |
_aObras de Historia _917667 |
|
| 500 | _aEstado físico: lomo y cibiertas deteriorados | ||
| 500 | _aO121 | ||
| 600 | 1 | 4 |
_aWellington, Arthur Wellesley _cDuque de _d1769-1852 _917668 |
| 700 | 1 |
_aIglesia, Ramón _etr. _917669 |
|
| 902 | _aGFM | ||
| 942 |
_2lcc _cB |
||
| 999 |
_c6787 _d6787 |
||